Entry Corporate Name
Number of records used in: 1
001 - CONTROL NUMBER
003 - CONTROL NUMBER IDENTIFIER
005 - DATE AND TIME OF LATEST TRANSACTION
- control field:
20200101132025.0
008 - FIXED-LENGTH DATA ELEMENTS
- fixed length control field:
790730n| azannaab |a ana
010 ## - LIBRARY OF CONGRESS CONTROL NUMBER
- LC control number:
n 79079618
040 ## - CATALOGING SOURCE
- Original cataloging agency:
DLC
- Language of cataloging:
eng
- Description conventions:
rda
- Transcribing agency:
DLC
- Modifying agency:
DLC
110 2# - HEADING--CORPORATE NAME
- Corporate name or jurisdiction name as entry element:
Indian Council of Social Science Research
410 2# - SEE FROM TRACING--CORPORATE NAME
- Corporate name or jurisdiction name as entry element:
Bhāratīẏa Sāmājika Bijñāna Anusandhāna Parishad
410 2# - SEE FROM TRACING--CORPORATE NAME
- Corporate name or jurisdiction name as entry element:
Bhāratīya Sāmājika Vijñāna Anusandhāna Pariṣadah Pariyojanā
410 2# - SEE FROM TRACING--CORPORATE NAME
- Corporate name or jurisdiction name as entry element:
I.C.S.S.R.
410 2# - SEE FROM TRACING--CORPORATE NAME
- Corporate name or jurisdiction name as entry element:
ICSSR
410 2# - SEE FROM TRACING--CORPORATE NAME
- Corporate name or jurisdiction name as entry element:
Indian Council of Social Sciences Research
410 2# - SEE FROM TRACING--CORPORATE NAME
- Corporate name or jurisdiction name as entry element:
Inḍiyan Kaunsal āf Soshal Sāʼins Rīsarc
670 ## - SOURCE DATA FOUND
- Source citation:
Its ICSSR newsletter, Nov., 1969.
670 ## - SOURCE DATA FOUND
- Source citation:
Agrawal, S. Mohanadāsakaramacandagāndhī grantha sūci, c1982:
- Information found:
t.p. (Bhāratīya Sāmājika Vijñāna Anusandhāna Pariṣadaḥ Pariyojanā)
670 ## - SOURCE DATA FOUND
- Source citation:
Mohandās Karam Cand Gāndhi, 1978:
- Information found:
t.p. (Inḍiyan Kaunsal āf Soshal Sāʼins Rīsarc)
670 ## - SOURCE DATA FOUND
- Source citation:
Mohanadāsa Karamacān̐da Gāndhī granthapañjī, 1986:
- Information found:
t.p. (Bhāratīẏa Sāmājika Bijñāna Anusandhāna Parishad)
670 ## - SOURCE DATA FOUND
- Source citation:
National Seminar on Ten Years of WTO and Indian Agriculture, January 29-30, 2006, 2006:
- Information found:
t.p. (Indian Council of Social Sciences Research)
670 ## - SOURCE DATA FOUND
- Source citation:
Information from 678 converted Dec. 8, 2014
- Information found:
(at New Delhi; est. 12/12/1969)